000 00425nam a2200181Ia 4500
005 20250423101539.0
008 250422s9999 xx 000 0 und d
020 _a0-06-016180-9
050 _aHF 5415.5 .D38/
100 _aWilliam H. Davidow
245 0 _aTotal Customer Service
260 _aNew York
260 _bHarper & Row Publishers
260 _c1989
300 _a227 p
650 _aCustomer
942 _cBK
999 _c36606
_d36606